[Event "Mecklenburg VP LL 9495"]
[Site "Mecklenburg VP"]
[Date "1995.??.??"]
[Round "?"]
[White "Gruner, Jan"]
[Black "Helms, Sven"]
[Result "0-1"]
[WhiteElo "1685"]
[BlackElo "1945"]
[PlyCount "58"]
[EventDate "1994.??.??"]
[EventType "team-tourn"]
[EventRounds "11"]
[EventCountry "GER"]
[SourceTitle "EXT 2022"]
[Source "ChessBase"]
[SourceDate "2021.10.06"]
[SourceVersion "1"]
[SourceVersionDate "2021.10.06"]
[SourceQuality "1"]

1. e4 e6 2. d4 d5 3. Nd2 Nf6 4. e5 Nfd7 5. Ngf3 c5 6. c3 Nc6 7. Nb3 c4 8. Nbd2 b5 9. b4 a5 10. bxa5 Qxa5 11. Bb2 Nb6 12. Be2 Na4 13. Qc2 Nxb2 14. Qxb2 Ba3 15. Qc2 b4 16. cxb4 Nxb4 17. Qb1 Bd7 18. 0-0 0-0 19. Bxc4 dxc4 20. Nxc4 Qa6 21. Ng5 g6 22. Nd6 Bb5 23. Qe4 Nd3 24. Qh4 h5 25. g4 Nf4 26. Nde4 Be7 27. Nf6+ Bxf6 28. exf6 Bxf1 29. Ne4 Nh3+ 0-1